Miestne názvy z oblasti Žiarskej doliny v Západných Tatrách

Bibliographic Details
Main Author: Čajka, Jozef, 1931-2004 (Author)
Format: Article
Language:Slovak
PhysicalDescription:Fotogr., mp.
ISBN:8096761811
Subjects:

MARC

LEADER 00000nab a2200000 a 4500
001 vtls000712609
003 SK-MaSNL
005 20260311185430.0
008 040806c1997 xo 0 slo
015 |a SNBRA2000/02-05710 
035 |a CLN000064776 
040 |a SNKBUCL  |b slo  |c SNKBUCL  |e AACR2 
041 0 |a slo 
044 |a xo  |c SK 
080 |a 801.311.1:808.54  |2 UDC-MRF-SK2 
080 |a 808.54-311  |2 UDC-MRF-SK2 
100 |a Čajka, Jozef,  |d 1931-2004  |4 aut  |9 1634683 
245 1 0 |a Miestne názvy z oblasti Žiarskej doliny v Západných Tatrách  |c Jozef Čajka 
300 |b Fotogr., mp. 
504 |a Bibliogr. odkazy 
650 0 7 |a ojkonymá  |2 snkbucl  |9 239133 
651 7 |a Žiarska dolina (Slovensko)  |2 snkbucl  |9 160999 
651 7 |a Tatranský národný park (Slovensko)  |2 snkbucl  |9 106968 
655 7 |a články zo zborníkov  |2 snkbucl  |9 166140 
773 0 |t Štúdie o Tatranskom národnom parku 2 (35)  |d Martin : GRADUS, 1997  |g S. 5-23  |z 8096761811 
850 |a Slovenská národná knižnica v Martine 
852 |a SNK  |b KIS3GCP 
958 |a NB 
999 |c 2062016  |d 2063946